000 01340nam a2200241Ia 4500
001 b5614-37506
003 IT-MiCISF
005 20250507110116.0
008 161014s9999||||xx |||||||||||||| ||und||
040 _aIT-MiCISF
_cIT-MiCISF
041 _ait
100 _aDonati Pierpaolo Prandini Riccardo (a cura di)
_960604
245 0 _aAssociare le associazioni familiari.
_bEsperienze e prospettive del Forum
260 _a Roma,
_bCittà Nuova,
_c2003
300 _app. 208
500 _avolontariato, associazionismo, associazioni, famiglia
520 _aQuesto volume presenta i risultati di una ricerca empirica, realizzata da un'équipe di sociologi, che analizza la cultura costitutiva, gli obiettivi, la conduzione e l'operatività del Forum delle Associazioni Familiari, evidenziandone gli aspetti di reale innovazione e le prospettive di sviluppo futuro: realizzare la soggettività della famiglia mediante azioni di tutela dei suoi diritti, e dare impulso alle singole associazioni affinché si orientino a produrre servizi relazionali capaci di innescare nuovi processi di civilizzazione attraverso la promozione del capitale sociale familiare.
650 _aVolontariato
_956093
654 _asaggio
700 _aDonati P., Maccarini A.M., Tronca L., Prandini R., Bovi G.
_962149
942 _cBK
_2ddc
999 _c211515
_d211515
999 _bsi